000 01006nam a22003017a 4500
001 308
003 FISKH
005 20230320092434.0
008 230317b cb ||||| |||| 00| 0 eng d
020 _a9780007455935
040 _aDLC
_cDLC
_dDLC
_dFISKH
_beng
042 _alcac
050 0 0 _aPZ8.3.G276
_bLo
082 0 0 _a813.54
100 1 _aGeisel, Theodor
_cDr.
_qTheodor Seuss Geisel
245 1 4 _aThe Lorax,
_cby Dr. Seuss.
260 _aLondon
_bHarperCollins
_c2012
300 _a32 leaves of plates
_bcol. illus.
_c29 cm.
505 _aK
520 _aThe Once-ler describes the results of the local pollution problem.
521 8 _a560
_bLexile
521 8 _aK
_bLexile
650 1 _aStories in rhyme.
856 4 2 _3Contributor biographical information
_uhttp://www.loc.gov/catdir/bios/random056/74158378.html
856 4 2 _3Publisher description
_uhttp://www.loc.gov/catdir/description/random0413/74158378.html
906 _a7
_bcbc
_corignew
_d2
_encip
_f19
_gy-gencatlg
942 _2ddc
_cBK
_n0
999 _c308
_d308